Contracts Act 1950 (Act 136), Contracts (Amendment) Act 1976 (Act A329), Government Contracts Act 1949 (Act 120) : all amendments up to July, 1994

Bibliographic Details
Corporate Author: MALAYSIA
Format: Book
Published: Kuala Lumpur : MDC Publishers Printers , 1994
Series:Laws of Malaysia
Subjects:

MARC

LEADER 00000cam a2200000 7i4500
001 0000000607
005 20140425.0
020 0 0 |a 967700221X 
090 0 0 |a R346.59502   |b MAL 1994 
110 1 0 |a MALAYSIA 
245 1 0 |a Contracts Act 1950 (Act 136), Contracts (Amendment) Act 1976 (Act A329), Government Contracts Act 1949 (Act 120) :   |b all amendments up to July, 1994   |c compiled by MDC Legal Advisers 
260 0 0 |a Kuala Lumpur :   |b MDC Publishers Printers ,   |c 1994 
300 |a xi, 68 p. ;   |c 26 cm. 
440 0 0 |a Laws of Malaysia 
650 0 0 |a Contract   |x Law and legislation   |z Malaysia 
650 0 0 |a Obligations (Law)   |z Malaysia 
745 0 0 |a Contracts (Amendment) Act 1976 
745 0 0 |a Government Contracts Act 1949 
998 |a JPSM 
999 |a 0000000202   |b Monograph   |c Reference   |e Default branch